XI Roku 2020 wg. Tygodnika "Piłka Nożna" (Europa) - Statystyki

Ogólne statystyki
  • Ten quiz został rozwiązany 390 razy
  • Średni wynik to 10 z 11
Statystyki odpowiedzi
Pozycja Kraj Klub Zawodnik % Poprawnych
BR Niemcy Bayern Manuel Neuer
98%
ŚN Polska Bayern Robert Lewandowski
98%
ŚO Holandia Liverpool Virgil Van Dijk
97%
LS Portugalia Juventus Cristiano Ronaldo
96%
PS Francja PSG Kylian Mbappe
96%
ŚPO Belgia Man City Kevin De Bruyne
95%
PO Anglia Liverpool Trent Alexander-Arnold
93%
ŚO Hiszpania Real Madryt Sergio Ramos
91%
ŚPO Portugalia Sporting / Man United Bruno Fernandes
90%
ŚPD Niemcy Bayern Joshua Kimmich
89%
LO Hiszpania Man City / RB Lipsk Angelino
42%
Nie znaleziono quizów pasujących do podanych kryteriów
Rozkład punktacji
Procent ludzi z każdym wynikiem
Percentyl według liczby udzielonych odpowiedzi
Twoja historia wyników
Nie rozwiązałeś tego quizu